El desarrollo aporte y lm̕ite a la solucin̤ del conflicto armado en Colombia /

Detalles Bibliográficos
Autor principal: Neira F., S. J., Germǹ
Otros Autores: Escorcia G., Melina
Formato: eBook
Lenguaje:español
Publicado: Bogot:̀ Pontificia Universidad Javeriana, 2013
Materias:
Acceso en línea:Acceso restringido

MARC

LEADER 00000nam a22000007a 4500
005 2020121102582.0
007 cr|||| ||||
008 201211s2013 co |||||s|||| 00||0 spa d
020 |a 978-958-716-681-1 
035 |a 32335 
040 |a vLex 
090 |c 10938  |d 10938 
100 1 |a Neira F., S. J., Germǹ 
245 1 2 |a El desarrollo  |h [Recurso electrn̤ico] :  |b aporte y lm̕ite a la solucin̤ del conflicto armado en Colombia /  |c Germǹ Neira F., S. J., Melina Escorcia G. 
256 |a Servicio en ln̕ea 
260 |a Bogot:̀  |b Pontificia Universidad Javeriana,  |c 2013 
300 |a 1 recurso electrn̤ico 
500 |a Desde al aǫ 2004, el grupo de investigacin̤ -Cosmp̤olis- se propuso estudiar el problema del conflicto armado y la violencia en Colombia. El presente libro es el resultado de las dos l︢timas investigaciones (2007-2009 y 2010-2012). El primer capt̕ulo presenta el estudio de las tres nociones de desarrollo ms̀ relevantes en el proceso de Amřica Latina. El segundo ubica crt̕icamente estas nociones. El tercero presenta aspectos ms̀ relevantes de la propuesta de desarrollo como solucin̤ al conflicto presentada en el -Informe Nacional de Desarrollo Humano-. Un l︢timo capt̕ulo hace una discusin̤ crt̕ica sobre el planteamiento anterior, identificando posibilidades en el caso colombiano. 
506 1 |a Disponible solo en los productos indicados  |d vLex Global  |d vLex Global (Academic Edition, excluding Law Schools)  |d vLex Global (U.S. Academic Edition, Law Schools)  |d vLex Global (U.S. Academic Edition, excluding Law Schools)  |d vLex Global (Academic Edition, Law Schools) 
650 0 4 |a Ciencias sociales  |z Colombia 
650 0 4 |a Humanidades  |z Colombia 
700 1 |a Escorcia G., Melina 
740 0 |a vLex Libros (Servicio en ln̕ea) 
856 4 0 |u http://vlex.com/source/desarrollo-aporte-y-limite-a-la-solucion-del-conflicto-armado-en-colombia-32335  |z Acceso restringido 
942 |c BOOK 
999 0 |a Ciencias sociales 
999 0 |a Humanidades